000 00361 a2200145 4500
005 20250624113720.0
020 _a009147440X
082 _a651.3WAL
100 _aWALLEY. B. H
245 _aHandBook of Office Management
250 _a2nd Ed,
260 _aBritish,
_bLondon,
_c1975.
300 _axi; 293p; ill; table; figure,
_b Index,
_c24cm.
942 _2ddc
_cBKS
999 _c4849
_d4849